Urban danger : life in a neighborhood of strangers /

Bibliographic Details
Main Author: Merry, Sally Engle, 1944-2020
Format: Book
Language:English
Published: Philadelphia : Temple University Press, 1981.
Subjects:

MARC

Tag First Indicator Second Indicator Subfields
LEADER 00000cam a22000008a 4500
001 in00000630721
005 20210327063615.0
008 810210s1981 pau b 00110 eng
010 |a  81001237  
020 |a 0877222193 :  |c $18.95 
035 |a (OCoLC)07283653 
035 |9 ACU5968AM 
039 0 |a 2  |b 3  |c 3  |d 3  |e 3 
040 |a DLC  |c DLC  |d TXA  |d UtOrBLW 
043 |a n-us-ma 
049 |a TXAM  |c [1802411] 
050 0 0 |a GN395  |b .M47 
082 0 |a 307.7/6  |2 19 
100 1 |a Merry, Sally Engle,  |d 1944-2020. 
245 1 0 |a Urban danger :  |b life in a neighborhood of strangers /  |c Sally Engle Merry. 
263 |a 8106 
264 1 |a Philadelphia :  |b Temple University Press,  |c 1981. 
300 |a x, 278 pages ;  |c 22 cm. 
336 |a text  |b txt  |2 rdacontent 
337 |a unmediated  |b n  |2 rdamedia 
338 |a volume  |b nc  |2 rdacarrier 
500 |a Includes index. 
504 |a Bibliography: pages [261]-272. 
650 0 |a Urban anthropology  |x Case studies. 
650 0 |a Public housing  |z Massachusetts  |z Boston  |x Case studies. 
650 0 |a Crime  |z Massachusetts  |z Boston  |x Case studies. 
650 0 |a Urban renewal  |z Massachusetts  |z Boston  |x Case studies. 
650 0 |a Ethnopsychology  |x Case studies. 
650 0 |a Criminals  |z Massachusetts  |z Boston  |x Case studies. 
999 |a MARS 
999 f f |s 85aa80b7-5075-39e6-b1c9-a1182f74cd90  |i 04f599ee-9c1a-31c8-9219-1f9eafe35a0d  |t 0 
952 f f |p ric  |a Texas A&M University  |b Rellis Campus  |c Joint Library Facility  |d Remote Storage  |t 0  |e GN395 .M47  |h Library of Congress classification  |i unmediated -- volume  |m A14802424273 
998 f f |a GN395 .M47  |t 0  |l Remote Storage